000 00348cam a2200145ua 4500
041 _aeng
_h
082 _a629.28
_bBLA/SK
100 _aBlair, J.S .
245 _aSkillful driver /
_cJ.S Blair.
_hTextual Documents
260 _aLondon :
_bTemple press limited ,
_c1956.
300 _a166 ; .
504 _a
942 _cBK
999 _c4600
_d4600